| 000 | 01163nam0a2200325 4500 | ||
|---|---|---|---|
| 001 | RU\NLR\BIBL_A\011973035 | ||
| 005 | 20190424140815.0 | ||
| 010 |
_a978-5-4484-0714-7 _92000 |
||
| 021 |
_aRU _bКН-П-19-014621 _9КН-П-19-1093 |
||
| 035 | _a(NLR Aleph) 011973035 | ||
| 035 | _a(RuMoRGB)009909588 | ||
| 090 |
_a11266850 _c11266850 |
||
| 100 | _a20190327d2019 k y0rusy50 ca | ||
| 101 | 0 | _arus | |
| 102 | _aRU | ||
| 105 | _aaczzzz0|||1zd | ||
| 200 | 1 |
_aПо следам таинственных исчезновений _fМ. Б. Герштейн |
|
| 210 |
_aМосква _cВече _dcop. 2019 |
||
| 215 |
_a318, [1] с. _cил., портр. _d21 |
||
| 225 | 1 | _aТайны. Загадки. Сенсации | |
| 320 | _aБиблиогр. в примеч.: с. 295-317 (259 назв.) | ||
| 333 | _a16+ | ||
| 606 | 1 |
_aЗагадочные явления _2nlr_sh1 _2nlr_sh2 _3RU\NLR\AUTH\661259395 |
|
| 686 | 1 | _aЭ257.2 | |
| 700 | 1 |
_aГерштейн _bМ. Б. _f1972- _gМихаил Борисович |
|
| 942 | _cBOOK | ||
| 980 | _aNBR | ||
| 980 | _aNB | ||